000 00201 a2200097 4500
001 47017
100 _aMowrer E
245 _aGlobal War
260 _aLondon
_bFaber & Faber
_c
090 _c30085
_d30085
942 _aNUST-CAE
_cM
_c22320
999 _c282090
_d282090